000 00284nam a22000977a 4500
082 _a620.11 NIN'E
245 _a1971 ANNUAL BOOK OF ASTM STANDARDS:DIE CAST METALS LIGHT METALS AND ALLOYS INCLUING ELECTRICAL CONDUCTORS
260 _aUSA
_bASTM
_c1971
300 _aXVI,570P
942 _cBK
999 _c579370
_d579370